000 00625nam a2200229 i 4500
001 C2-0308649
003 PPAK
005 20180728095527.0
008 110509s1984 io |||| ||||| | may d
040 _aPPAK
_beng
_cPPAK
_erda
082 0 4 _a301.1553
_223
090 0 0 _a301.1553
_bKEP
_dKMI
245 0 0 _aKepimpinan dalam dimensi sosial
264 1 _aJakarta, Indonesia :
_bLP3ES ,
_c1984
300 _a218 pages ;
_c22 cm
336 _2rdacontent
_atext
337 _2rdamedia
_aunmediated
338 _2rdacarrier
_avolume
650 1 0 _aSocial movements
700 1 _aKartodirdjo, Sartono,
_eeditor
942 _ddc
_cB
999 _c111244
_d111244